000 00432nam a2200145 4500
999 _c510127
_d510127
008 190728b ||||| |||| 00| 0 eng d
100 _aMalik, Rajeshwari
_97477
245 _aMeta-analysis of India's demographic dividend in twenty-first century
260 _c2019
300 _ap.13-26.
650 _aPopulation distribution - India
_97478
773 _aMan and Development
906 _aDemography - India
942 _2ddc
_cAR